000 00298nam a22001337a 4500
008 170911b xxu||||| |||| 00| 0 eng d
020 _a9780077314415
041 _aeng
080 _22ND
_a52
100 _a42
101 _aAST
245 _aPATHWAYS TO ASTRONOMY
_cSCHNEIDER,S.E
942 _2udc
_cBK
999 _c27017
_d27017